A Season of blood: (Record no. 376052)

MARC details
000 -LEADER
fixed length control field 00441nam a2200145Ia 4500
003 - CONTROL NUMBER IDENTIFIER
control field KE-NaHC
005 - DATE AND TIME OF LATEST TRANSACTION
control field 20220718131624.0
008 - FIXED-LENGTH DATA ELEMENTS--GENERAL INFORMATION
fixed length control field 130518s9999 xx 000 0 und d
020 ## - INTERNATIONAL STANDARD BOOK NUMBER
International Standard Book Number 1869886070
040 ## - CATALOGING SOURCE
Original cataloging agency KE-NaHC
Language of cataloging eng
Transcribing agency KE-NaHC
Modifying agency KE-NaHC
100 ## - MAIN ENTRY--PERSONAL NAME
Personal name Maina wa Kinyatti
9 (RLIN) 109748
245 12 - TITLE STATEMENT
Title A Season of blood:
Remainder of title poems from Kenyan prisons
260 ## - PUBLICATION, DISTRIBUTION, ETC. (IMPRINT)
Place of publication, distribution, etc New York
Name of publisher, distributor, etc Mau Mau Research Center
Date of publication, distribution, etc 1995
942 ## - ADDED ENTRY ELEMENTS (KOHA)
Classification part PR
Item part 9342
Call number suffix .MAI
Koha item type Books
Koha issues (borrowed), all copies 1
Holdings
Withdrawn status Lost status Damaged status Not for loan Collection code Home library Current library Shelving location Date acquired Inventory number Total Checkouts Total Renewals Full call number Barcode Date last seen Date checked out Copy number Price effective from Koha item type
        PR
English literature
JST Library JST Library General Stacks 25/06/2008 37986 1 1 PR 9342.MAI 66870 07/06/2016 24/05/2016 c1 19/05/2013 Books